000 00672cam a22002293a 4500
001 17994
003 PGUSA
005 20140828083401.0
008 060315s2006||||xxu|||||s|||||000 | eng d
040 _aPGUSA
_beng
042 _adc
050 4 _aAP
245 1 0 _aPunch, or the London Charivari, Vol. 159, 1920-11-03
_h[electronic resource] /
_cVarious
260 _bProject Gutenberg,
_c2006
506 _aPublic domain in the USA.
516 _aElectronic text
653 _aEnglish wit and humor -- Periodicals
700 1 _aSeaman, Owen,
_cSir,
_d1861-1936
830 0 _aProject Gutenberg
_v17994
856 4 0 _uhttp://www.gutenberg.org/ebooks/17994
942 _cEB
999 _c247249
_d247249